000 01544nam a22003377a 4500
005 20240530110507.0
008 151012s2011 ua a g 000 0 ara d
017 _a2010/19326
_bمصر . دار الكتب المصرية
020 _a9789773222744
040 _aEG-CaGPL
082 0 4 _221
_a323.4/
_bإ أ
245 0 2 _aالاعلان العالمى لحقوق الانسان :
_bحقوق الانسان بين النظرية و التطبيق 10 - 12 نوفمبر 2008 م قراءة جديدة /
_cاحمد كمال ابو المجد ، احمد الرشيدى ، شيماء حطب ( و اخ ... )
250 _aط1.
260 _aالقاهرة :
_bعين للدراسات و البحوث الانسانية و الاجتماعية ،
_c2011 .
300 _a2 ج ؛
_c24 سم .
504 _aيشتمل على ارجاعات ببليوجرافية
650 0 4 _aحقوق الانسان .
650 0 4 _aحقوق الانسان
_zفلسطين .
650 0 4 _aالديمقراطية .
650 0 4 _aالمنظمات غير الحكومية .
650 0 4 _aحقوق الانسان
_zجنوب سرق اسيا .
650 0 4 _aحقوق الانسان
_zافريقيا .
650 0 4 _aحقوق الانسان
_xالقران الكريم .
650 0 4 _aوثيقة الام .
650 0 4 _aحقوق الانسان
_xقانون دولى .
700 0 _aاحمد كمال ابو المجد
700 0 _aشيماء حطب
700 0 _aاحمد الرشيدى
942 _2ddc
_cBK
999 _c61587
_d61587